000
00237nam a22001097a 4500
008
230703b xxu||||| |||| 00| 0 eng d
082
_a
346.06
_b
ABB
100
_c
Keuth Abbott
245
_a
Business Law
300
_a
573p
942
_2
ddc
_c
BK
999
_c
3489
_d
3489